Computer Integrated Manufacturing. Proceed.of the 3rd CIM Europe Conference

Saved in:
Bibliographic Details
Format: Book
Published: Berlin : Springer Verlag, 1987
Tags: Add Tag
No Tags, Be the first to tag this record!

MARC

LEADER 00000nam a22000003a 4500
001 stu48607
005 20150408180103.5
008 ------s1987----gw----------------------d
040 |a STU  |b slo 
041 0
044 |a gw 
080 |a 681.3 
080 |a 658.5 
245 |a Computer Integrated Manufacturing. Proceed.of the 3rd CIM Europe Conference 
260 |a Berlin :  |b Springer Verlag,  |c 1987 
300 |a 270 s 
996 |b J83852  |c J*83852/K 6  |l JJK6  |s P  |a 0  |w stu48607_0001